000 00638nam a2200241Ia 4500
003 OSt
005 20220916110951.0
006 a|||||r|||| 00| 0
007 ta
008 220915b |||||||| |||| 00| 0 eng d
024 _a42155
037 _cTextbook
040 _beng
_aARTS
_cARTS
041 _aeng
082 _aO15:gv, 111J1;K1 (EPS)
100 _aKane P V
245 0 _aHistory of Sanskrit poetics
260 _aDelhi
_bMotilal Banarsidas India
300 _a446p.
_ccm.
650 _aENGLISH LITERATURE
942 _hO15:gv, 111J1;K1 (EPS)
_cTB
_2CC
999 _c102446
_d102446